00318cam a22001217a 4500008004000000082001300040100001700053245005900070260002700129300001000156650001000166700002000176180718b1959 xxu||||| |||| 00| 0 eng d aT41 K845 aKorteseg, S. aA textbook of moneycby S. Korteseg and F.A.G. Keesing aLondonbLongmansc1959 a308p. aMoney aKeesing, F.A.G.